Statistics for Dog Breeds Quiz

Click here to take the quiz!

General Stats

  • This quiz has been taken 30 times
  • The average score is 12 of 15

Answer Stats

Answer% Correct
Pug
100%
German Shepherd
96%
Labrador
96%
Border Collie
92%
Boxer
92%
Cocker Spaniel
88%
Poodle
88%
Great Dane
84%
Jack Russel
80%
Mastiff
80%
French Bulldog
76%
Pitbull
64%
English Springer Spaniel
56%
Irish Setter
52%
Vizla
16%

Score Distribution

Percentile by Number Answered

Percent of People with Each Score

Your Score History

You have not taken this quiz